Normal view
MARC view
- Novelists, English
Entry Topical Term
001 - CONTROL NUMBER
- control field: 14123
003 - CONTROL NUMBER IDENTIFIER
- control field: NUST
005 - DATE AND TIME OF LATEST TRANSACTION
- control field: 20190418045902.0
008 - FIXED-LENGTH DATA ELEMENTS
- fixed length control field: 190418|| aca||aabn | a|a d
040 ## - CATALOGING SOURCE
- Original cataloging agency: NUST
- Transcribing agency: NUST
150 ## - HEADING--TOPICAL TERM
- Topical term or geographic name entry element: Novelists, English
- Chronological subdivision: 20th century
- Form subdivision: Diaries.
670 ## - SOURCE DATA FOUND
- Source citation: Work cat.: (NUST)232867: Archer, Jeffrey, 1940- 11436, A prison diary /, 2004.
